| 000 | 01555cam a22002894a 4500 | ||
|---|---|---|---|
| 942 | _cBK | ||
| 999 |
_c555 _d555 |
||
| 001 | 17105919 | ||
| 003 | OSt | ||
| 005 | 20250420134815.0 | ||
| 008 | 120105s2012 flua b 001 0 eng | ||
| 010 | _a 2011047969 | ||
| 020 | _a9781466501553 (hardback) | ||
| 035 | _a(OCoLC)ocn748331587 | ||
| 040 |
_aDLC _beng _cKCST |
||
| 050 | 0 | 0 |
_aQA76.9.M35 _bD38 2012 |
| 082 | 0 | 0 |
_a004.0151 _223 _bDa Li |
| 100 | 1 |
_aDavis, Ernest. _94910 |
|
| 245 | 1 | 0 |
_aLinear algebra and probability for computer science applications / _cErnest Davis. |
| 260 |
_aBoca Raton, FL : _bCRC Press, _c2012. |
||
| 300 |
_axviii, 413 p. : _bill. ; _c25 cm. |
||
| 504 | _aIncludes bibliographical references and index. | ||
| 520 |
_a"Taking a computer scientist's point of view, this classroom-tested text gives an introduction to linear algebra and probability theory, including some basic aspects of statistics. It discusses examples of applications from a wide range of areas of computer science, including computer graphics, computer vision, robotics, natural language processing, web search, machine learning, statistical analysis, game playing, graph theory, scientific computing, decision theory, coding, cryptography, network analysis, data compression, and signal processing. It includes an extensive discussion of MATLAB, and includes numerous MATLAB exercises and programming assignments"-- _cProvided by publisher. |
||
| 650 | 0 |
_aComputer science _xMathematics. _9636 |
|
| 650 | 0 |
_aAlgebras, Linear. _91374 |
|
| 650 | 0 |
_aProbabilities. _91388 |
|
| 942 | _2ddc | ||